Evaluating sex offenders : (Record no. 612)
[ view plain ]
| 000 -LEADER | |
|---|---|
| fixed length control field | 03293cam a2200313 a 4500 |
| 003 - CONTROL NUMBER IDENTIFIER | |
| control field | data |
| 005 - DATE AND TIME OF LATEST TRANSACTION | |
| control field | 20260322212027.0 |
| 008 - FIXED-LENGTH DATA ELEMENTS--GENERAL INFORMATION | |
| fixed length control field | data |
| 010 ## - LIBRARY OF CONGRESS CONTROL NUMBER | |
| LC control number | 2002000199 |
| 020 ## - INTERNATIONAL STANDARD BOOK NUMBER | |
| International Standard Book Number | 0761921133 (c) |
| 020 ## - INTERNATIONAL STANDARD BOOK NUMBER | |
| International Standard Book Number | 0761921141 (p) |
| 020 ## - INTERNATIONAL STANDARD BOOK NUMBER | |
| International Standard Book Number | 9780761921134 (c) |
| 020 ## - INTERNATIONAL STANDARD BOOK NUMBER | |
| International Standard Book Number | 9780761921141 (p) |
| 040 ## - CATALOGING SOURCE | |
| Original cataloging agency | DLC |
| Transcribing agency | DLC |
| 043 ## - GEOGRAPHIC AREA CODE | |
| Geographic area code | n-us--- |
| 049 ## - LOCAL HOLDINGS (OCLC) | |
| Holding library | TJCC |
| 050 00 - LIBRARY OF CONGRESS CALL NUMBER | |
| Classification number | KF9325 |
| Item number | .D67 2002 |
| 082 00 - DEWEY DECIMAL CLASSIFICATION NUMBER | |
| Classification number | 364.15/3 |
| Edition information | 21 |
| 096 ## - LOCALLY ASSIGNED NLM-TYPE CALL NUMBER (OCLC) | |
| Classification number | WM 611 D67 2002 |
| 001 - CONTROL NUMBER | |
| control field | data |
| 100 1# - MAIN ENTRY--PERSONAL NAME | |
| Personal name | Doren, Dennis M. |
| 245 10 - TITLE STATEMENT | |
| Title | Evaluating sex offenders : |
| Remainder of title | a manual for civil commitments and beyond / |
| Statement of responsibility, etc. | Dennis M. Doren. |
| 260 ## - PUBLICATION, DISTRIBUTION, ETC. | |
| Place of publication, distribution, etc. | Thousand Oaks, Calif. : |
| Name of publisher, distributor, etc. | Sage Publications, |
| Date of publication, distribution, etc. | c2002. |
| 300 ## - PHYSICAL DESCRIPTION | |
| Extent | xii, 243 p. ; |
| Dimensions | 26 cm. |
| 504 ## - BIBLIOGRAPHY, ETC. NOTE | |
| Bibliography, etc. note | Includes bibliographical references (p. 229-236) and index. |
| 505 0# - FORMATTED CONTENTS NOTE | |
| Formatted contents note | Relevant Components of Sex Offender Civil Commitment Laws: The Evaluation "Referral Questions" -- The Relevant Statutes -- Different Types of Assessments -- Who Is Allowed to Do These Evaluations -- The Overall Criteria for Commitment -- The Issue of Lesser Restrictive Alternatives -- Procedures for Conducting the Assessment -- National Standards -- Standard Procedures for Gathering Information -- Ethical Considerations -- Diagnostic Issues Within Sex Offender Civil Commitment Assessments: Defining Relevant Paraphilias -- Defending the Labels We Use -- Why Diagnose at All? -- DSM-IV Definitional Problems for Paraphilia -- Paraphilia, Not Otherwise Specified, Nonconsent -- Other Relevant Types of Paraphilia NOS -- Thresholds for Diagnosing a Paraphilia -- The Descriptive Language We Use -- Diagnostic Issues Within Sex Offender Civil Commitment Assessments: Diagnostic Issues Beyond the Paraphilias -- Nonparaphiliac Diagnoses Common in Sex Offender Civil Commitment Assessments -- Differentiations Among Commonly Diagnosed Disorders -- Drawing the Predisposition Nexus -- Using Risk Assessment Instrumentation -- The Overall Risk Assessment Methodological Choice -- Comparing the Accuracy of Differing Methodologies -- Selecting What Instruments to Use -- Interpreting Actuarial Instrument Results -- Recidivism Base Rates -- What Do We Know About the Sexual Recidivism Base Rate? -- Why Base Rates Matter -- For Which Sex Offenders Do Base Rates Matter? -- Clinical Adjustments -- Defining Proper Adjustments -- The Theoretical Basis for Clinical Adjustments -- Adjustments Based on Risk Factors -- Adjustments Based on Protective Factors -- Assessing Beyond the Actuarial Scheme -- Evaluator Bias -- The Evaluation Report and Court Testimony -- The Evaluation Report -- Testifying About Evaluation Findings -- Ethical Issues -- Procedural Concerns -- Communication Concerns -- Relapse Prevention Interview -- Basic Principles of Scoring -- Relapse Prevention Interview Score Sheet -- Templates for Segments of Precommitment Forms and Reports -- Informed Consent Form -- Diagnostic Segment -- Actuarial Instrument Time and Legal Status Limitations Template -- Sample Precommitment Evaluation Report -- State Statute # Evaluation -- Templates for Segments of Reexamination (Postcommitment) Evaluation Report -- Treatment Benefit Template -- Template for Risk Management Segment. |
| 650 #0 - SUBJECT ADDED ENTRY--TOPICAL TERM | |
| Topical term or geographic name entry element | Sex offenders |
| Geographic subdivision | United States. |
| 650 #0 - SUBJECT ADDED ENTRY--TOPICAL TERM | |
| Topical term or geographic name entry element | Insane |
| General subdivision | Commitment and detention |
| Geographic subdivision | United States. |
| Withdrawn status | Lost status | Damaged status | Not for loan | Home library | Current library | Shelving location | Date acquired | Total checkouts | Full call number | Barcode | Date last seen | Price effective from | Koha item type |
|---|---|---|---|---|---|---|---|---|---|---|---|---|---|
| Liberty | Liberty | General stacks | 22/03/2026 | 364.15/3 21 | BC0010629 | 22/03/2026 | 22/03/2026 | Books |